Social psychology. (Record no. 5251)
[ view plain ]
| 000 -LEADER | |
|---|---|
| fixed length control field | 01533cam a2200205 a 4500 |
| 020 ## - INTERNATIONAL STANDARD BOOK NUMBER | |
| ISBN | 0534583210 |
| 022 ## - INTERNATIONAL STANDARD SERIAL NUMBER | |
| ISSN | 9780534583217 |
| 050 00 - CALL NUMBER | |
| Classification number | HM1033 |
| Item number | .M53 |
| 100 1# - AUTHOR | |
| Personal name | Michener, H. Andrew. |
| 245 10 - TITLE | |
| Title | Social psychology. |
| 250 ## - EDITION | |
| Edition statement | 5th ed. / |
| 260 ## - PUBLICATION INFORMATION | |
| Place of publication | Belmont, CA : |
| Name of publisher | Wadsworth/Thomson Learning, |
| Year of publication | c2004. |
| 300 ## - DESCRIPTION | |
| Number of Pages | xvii, 650 p. : |
| Other physical details | ill. ; |
| Dimensions | 25 cm. |
| 500 ## - NOTES | |
| General note | Includes bibliographical references and index |
| 505 ## - FORMATTED CONTENTS NOTE | |
| Table of Content | Chapter 1. Introduction to social psychology 1<br/>Chapter 2. Research methods in social psychology; 25<br/>Chapter 3. socialization; 50<br/>Chapter 4. self and identity; 78<br/>Chapter 5. social perception and cognition; 105<br/>Chapter 6. attitudes; 138<br/>Chapter 7. symbolic communication and language; 162<br/>Chapter 8. social influence and persuasion; 194<br/>Chapter 9. self-presentation and impression management; 222 Chapter 10. helping and altruism. 245<br/>Chapter 11. Aggression 271<br/>Chapter 12. Interpersonal attraction and relationships 295<br/>Chapter 13. Group cohesion and conformity 323<br/>Chapter 14. Group structure and performance 349<br/>Chapter 15. Inter group conflict 378<br/>Chapter 16. Life course and gender roles 401<br/>Chapter 17. Social structure and personality <br/>Chapter 18. Deviant behavior and social reaction 460<br/>Chapter 19. Collective behavior and social movements 490<br/>Glossary 517<br/>References 534<br/>Credits 613<br/>Name index 615<br/>Subject index 637 |
| 650 #0 - SUBJECTS | |
| Topical Term | Social psychology. |
| 700 1# - OTHER AUTHORS | |
| Personal name | DeLamater, John D. |
| 700 1# - OTHER AUTHORS | |
| Personal name | Myers, Daniel J. |
| 942 ## - ADDED ENTRY ELEMENTS (KOHA) | |
| Koha item type | Books |
| Withdrawn status | Lost status | Collection code | Home library | Current library | Shelving location | Date acquired | Full call number | Accession Number | Koha item type |
|---|---|---|---|---|---|---|---|---|---|
| Reference | Methodist University Library Main | Methodist University Library Main | General Stacks | 18/11/2009 | HM1033 .M53 | 30015 | Books |